000 00611nam a22002177a 4500
003 OSt
005 20140310182811.0
008 130219t xxu||||| |||| 00| 0 eng d
020 _a1861520468
050 _aTX 911.5
_b.C592 1998
082 _aM 808
_bR31 1998
245 _aResearching and writing dissertations in hospitality and tourism
_cClark, Mona
260 _aLondon
_bInternational Thomson Business Press
_cc1998
300 _a 281 p.
_c25 cm
_b ill.
521 _acollege students
526 _c1210L-1700L
541 _j1
541 _j2
562 _e2
942 _2lcc
_cBK
_kM
999 _c16180
_d16180